From technology transfer to intercultural development : understanding technology and development in a globalising world (Record no. 206760)

MARC details
000 -LEADER
fixed length control field 00383nam a2200097Ia 4500
082 ## - DEWEY DECIMAL CLASSIFICATION NUMBER
Classification number 303.483|VAND
008 - FIXED-LENGTH DATA ELEMENTS--GENERAL INFORMATION
fixed length control field 210817s9999 xx 000 0 und d
100 ## - MAIN ENTRY--PERSONAL NAME
Personal name Stoep, J. van der Bloemfontein [South Africa], 2011 1st ed
9 (RLIN) 64863
245 #0 - TITLE STATEMENT
Title From technology transfer to intercultural development : understanding technology and development in a globalising world
942 ## - ADDED ENTRY ELEMENTS
item type Books
Holdings
Withdrawn status Lost status Damaged status Not for loan Home library Current library Date acquired Cost, normal purchase price Total Checkouts Barcode Date last seen Price effective from item type
        Emthonjeni PL (MMID-PLEMA-EMTH) Emthonjeni PL (MMID-PLEMA-EMTH) 18.08.2021 420.00   3322810090581 18.08.2021 18.08.2021 Books